Kliknij państwa Afryki na mapie według flagi - Statystyki

Ogólne statystyki
  • Ten quiz został rozwiązany 35 razy
  • Średni wynik to 38 z 54
Odpowiedzi na mapie
Odpowiedzi zakodowano w zielono-czerwonej skali na mapie do tego quizu, zgodnie z poniższymi procentami.
 
Statystyki odpowiedzi
Odpowiedź % Poprawnych
93%
93%
89%
89%
89%
89%
89%
89%
85%
85%
85%
85%
85%
81%
81%
81%
81%
78%
78%
78%
78%
74%
74%
74%
74%
74%
70%
70%
70%
70%
70%
67%
67%
67%
67%
67%
63%
63%
63%
63%
63%
59%
59%
59%
56%
52%
52%
52%
48%
44%
44%
44%
44%
41%
Nie znaleziono quizów pasujących do podanych kryteriów
Rozkład punktacji
Procent ludzi z każdym wynikiem
Percentyl według liczby udzielonych odpowiedzi
Twoja historia wyników
Nie rozwiązałeś tego quizu